000 00486nam a2200157 i 4500
001 34691
003 ES-MaACL
005 20230906154959.0
007 t|
008 030207s1932 fr ||||1| fre d
100 1 _aBoissier, Gaston.
_929869
245 1 0 _aCicéron et ses amis
_b: étude sur la société romaine du temps de César /
_cpar Gaston Boissier.
260 _aParís :
_b[s.n.,
_c1932] (
_eCoulommiers :
_fBrodard)
300 _a413 p. ;
_c19 cm.
852 _aES-MaACL
_jA-3202
999 _c34691
_d34691